Mecanización Agrícola

Bibliographic Details
Main Author: Hans, Meier
Format: Section = Libro
Language:Undetermined
Spanish
Published: Lima, Perú Herrandina 1993
Subjects:
LEADER 00468nam a2200181Ia 4500
008 240829s9999 xx 000 0 und d
040 |a BIBLIOTECA-RUPAP 631.3 M486 
041 |a spa 
082 |a 631.3 M486 
100 1 |a Hans, Meier 
245 1 0 |a Mecanización Agrícola 
260 |a Lima, Perú  |b Herrandina  |c 1993 
300 |a 746 p. :il. 
650 7 |a MECANIZACION AGRICOLA 
650 7 |b  MAQUINARIA AGRICOLA. I. Tít. 
942 |c BK  |2 ddc 
991 |a TEXTO 
999 |c 9842